000 00434nam a2200169 u 4500
005 20240419063741.0
008 080609s2005 es r 000 0 spa d
035 _aUPN01000156680
049 _aI
050 4 _aPZ8
_bC5.8
245 0 3 _aLa cenicienta.
260 _aBarcelona, Esp. :
_bParragón,
_c2005.
300 _a29 p. :
_bil. col.
440 0 _aMis primeras lecturas
650 0 _aCuentos de hadas
_95259
905 _aInfantil
999 _c128794
_d128794